<?xml version="1.0" encoding="UTF-8"?>
<record
    xmlns:xsi="http://www.w3.org/2001/XMLSchema-instance"
    xsi:schemaLocation="http://www.loc.gov/MARC21/slim http://www.loc.gov/standards/marcxml/schema/MARC21slim.xsd"
    xmlns="http://www.loc.gov/MARC21/slim">

  <leader>01372    a2200217   4500</leader>
  <controlfield tag="005">20080919142231.0</controlfield>
  <controlfield tag="008">080919t        xxu||||| |||| 00| 0 hin d</controlfield>
  <datafield tag="010" ind1=" " ind2=" ">
    <subfield code="a">HIN-81242</subfield>
  </datafield>
  <datafield tag="020" ind1=" " ind2=" ">
    <subfield code="a">8178793954</subfield>
    <subfield code="c">400.00</subfield>
  </datafield>
  <datafield tag="035" ind1=" " ind2=" ">
    <subfield code="a">HN-53588</subfield>
  </datafield>
  <datafield tag="037" ind1=" " ind2=" ">
    <subfield code="b">D.B.Act / Pub</subfield>
  </datafield>
  <datafield tag="082" ind1=" " ind2=" ">
    <subfield code="a">613.71</subfield>
  </datafield>
  <datafield tag="100" ind1=" " ind2=" ">
    <subfield code="a">&#x911;&#x915;&#x94D;&#x938;&#x932;&#x947;,&#x91A;&#x93E;&#x930;&#x94D;&#x932;&#x94D;&#x938;</subfield>
  </datafield>
  <datafield tag="245" ind1=" " ind2=" ">
    <subfield code="a">&#x936;&#x930;&#x940;&#x930; &#x935;&#x94D;&#x92F;&#x93E;&#x92F;&#x93E;&#x92E; &#x90F;&#x902;&#x935; &#x92A;&#x940;.&#x91F;&#x940;. &#x921;&#x94D;&#x930;&#x93F;&#x932; /</subfield>
    <subfield code="c">&#x91A;&#x93E;&#x930;&#x94D;&#x932;&#x94D;&#x938; &#x911;&#x915;&#x94D;&#x938;&#x932;&#x947; ; &#x92A;&#x94D;&#x930;&#x93F;&#x92F;&#x902;&#x915;&#x93E; &#x928;&#x93E;&#x930;&#x902;&#x917; &#x926;&#x94D;&#x935;&#x93E;&#x930;&#x93E; &#x905;&#x928;&#x941;&#x926;&#x93F;&#x924;</subfield>
  </datafield>
  <datafield tag="246" ind1=" " ind2=" ">
    <subfield code="a">Sharir vyayam avam P. T. drill</subfield>
    <subfield code="b">by Charles Oxley ;translated by Priyanka Narang</subfield>
  </datafield>
  <datafield tag="260" ind1=" " ind2=" ">
    <subfield code="a">&#x928;&#x908;  &#x926;&#x93F;&#x932;&#x94D;&#x932;&#x940;</subfield>
    <subfield code="b">&#x938;&#x94D;&#x92A;&#x94B;&#x91F;&#x94D;&#x930;&#x94D;&#x938; &#x92A;&#x92C;&#x94D;&#x932;&#x93F;&#x915;&#x947;&#x936;&#x928;</subfield>
    <subfield code="c">2007</subfield>
  </datafield>
  <datafield tag="270" ind1=" " ind2=" ">
    <subfield code="a">&#x91C;&#x940;-6,23/23&#x92C;&#x940; &#x908; &#x90F;&#x92E; &#x938;&#x940; &#x90F; &#x939;&#x93E;&#x90A;&#x938;,&#x905;&#x902;&#x938;&#x93E;&#x930;&#x940; &#x930;&#x94B;&#x921;,&#x926;&#x930;&#x93F;&#x92F;&#x93E;&#x917;&#x902;&#x91C;</subfield>
    <subfield code="b">&#x928;&#x908;  &#x926;&#x93F;&#x932;&#x94D;&#x932;&#x940;</subfield>
    <subfield code="e">110002</subfield>
    <subfield code="k">(&#x911;)65749511,66326118 (&#x928;&#x93F;)27562163(&#x92E;&#x94B;.)9868028838</subfield>
    <subfield code="m">lakshaythani@hotmail.com</subfield>
  </datafield>
  <datafield tag="300" ind1=" " ind2=" ">
    <subfield code="a">214&#x92A;&#x943;.</subfield>
    <subfield code="c">22&#x938;&#x947;&#x92E;&#x940;(&#x938;&#x91C;&#x93F;&#x932;&#x94D;&#x926;)</subfield>
  </datafield>
  <datafield tag="942" ind1=" " ind2=" ">
    <subfield code="a">DPL</subfield>
    <subfield code="c">HN</subfield>
    <subfield code="k">613.71 / &#x936;&#x930;&#x94D;&#x92E;&#x93E;&#x905;&#x902;</subfield>
    <subfield code="2">ddc</subfield>
    <subfield code="h">613.71</subfield>
    <subfield code="m">&#x936;&#x930;&#x94D;&#x92E;&#x93E;&#x905;&#x902;</subfield>
  </datafield>
  <datafield tag="999" ind1=" " ind2=" ">
    <subfield code="c">8137</subfield>
    <subfield code="d">8137</subfield>
  </datafield>
  <datafield tag="952" ind1=" " ind2=" ">
    <subfield code="0">0</subfield>
    <subfield code="1">0</subfield>
    <subfield code="2">ddc</subfield>
    <subfield code="4">0</subfield>
    <subfield code="7">0</subfield>
    <subfield code="a">DBAD</subfield>
    <subfield code="b">DBAD</subfield>
    <subfield code="d">2008-09-19</subfield>
    <subfield code="g">400.00</subfield>
    <subfield code="l">0</subfield>
    <subfield code="o">613.71 &#x936;&#x930;&#x94D;&#x92E;&#x93E;&#x905;&#x902;</subfield>
    <subfield code="p">HN-53588</subfield>
    <subfield code="r">2008-09-15 00:00:00</subfield>
    <subfield code="t">1</subfield>
    <subfield code="u">9041</subfield>
    <subfield code="v">400.00</subfield>
    <subfield code="w">2008-09-15</subfield>
    <subfield code="y">HN</subfield>
  </datafield>
</record>
